Phép biến đổi tích phân dạng Fourier hữu hạn và ứng dụng

Nghiên cùu các tính chấtt của phép biển đổi tích phân dạng Fourier hữu hạn và ứng dụng chúng vào giải các phương trình vi phân - tích phân

Gardado en:
Detalles Bibliográficos
Autor Principal: Võ Thành Viên
Outros autores: Phan Đức Tuấn TS. (Hướng dẫn)
Formato: Libro
Idioma:Vietnamese
Publicado: Đà Nẵng Trường Đại học sư phạm Đà Nẵng 2017
Những chủ đề:
Các nhãn: Engadir etiqueta
Sen Etiquetas, Sexa o primeiro en etiquetar este rexistro!
Thư viện lưu trữ: Mạng thư viện Đại học Đà Nẵng
LEADER 01647nam a2200349 4500
001 000025267
003 21760
005 20170913080945.0
008 170913s2017 viesd
041 |a vie 
082 1 4 |a 515.723  |b VO-V 
100 1 |a Võ Thành Viên 
245 1 |a Phép biến đổi tích phân dạng Fourier hữu hạn và ứng dụng  |c Võ Thành Viên ; Phan Đức Tuấn hướng dẫn.  |k Luận văn Thạc sĩ 
260 |a Đà Nẵng  |b Trường Đại học sư phạm Đà Nẵng  |c 2017 
300 |a 34 tr., phụ lục 7 tr.  |c 29 cm.  |e Tóm tắt 
500 |a Luận văn thạc sĩ Khoa học. Chuyên ngành: Toán Giải tích. Mã số: 60.46.01.02 
520 3 |a Nghiên cùu các tính chấtt của phép biển đổi tích phân dạng Fourier hữu hạn và ứng dụng chúng vào giải các phương trình vi phân - tích phân 
650 0 4 |a Phép biến đổi tích phân  |v Luận văn tốt nghiệp  |x Dạng Fourier hữu hạn  |x Ứng dụng 
653 |a Toán giải tích 
653 |a Phép biến đổi tích phân 
653 |a Dạng Fourier hữu hạn 
700 1 |a Phan Đức Tuấn  |c TS.  |e Hướng dẫn 
OWN |a LSP 
AVA |a UDN50  |b LSP  |d 515.723 VO-V  |e available  |t Error 5001 Not defined in file expand_doc_bib_avail.  |f 1  |g 0  |h N  |i 0  |k 1 
999 |a From the UDN01 
AVA |a UDN50  |b LSP  |d 515.723 VO-V  |e available  |t Error 5001 Not defined in file expand_doc_bib_avail.  |f 1  |g 0  |h N  |i 0  |k 1 
TYP |a Monograph 
TYP |a Printed language 
980 |a Mạng thư viện Đại học Đà Nẵng